00603nam a2200205Ia 450000500170000000800410001702000180005804100120007608200150008810000310010324500620013426000480019630000150024465000180025965000300027765000250030765000200033265000220035270000230037420260429112309.0260429s9999||||xx |||||||||||||| ||und|| a9789388865692 aEnglish a333.7bPAT aPati, Rabindra Nathabindra 0aNatural resource management / cRabindra Nathabindra Pati aNew Delhi : bAbhijeet Publications,c2024. a286 p.; hb a Conservation a Environmental management a Resource management a Sustainability aNatural resources a Mitra, Mitashree